Quiz Cultura Generale - Quiz n°47 - Statistics

Statistiche generali
  • Questo quiz è stato fatto 279 volte
  • Il punteggio medio è 10 su 15
Statistiche sulle risposte
Domanda Risposta % Corretto
Chi dipinto la "Notte stellata" nel 1889? Vincent van Gogh
90%
Quale fazione si contrapponeva ai Guelfi nel Basso Medioevo? Ghibellini
88%
Quale città della Sicilia, oltre al capoluogo, supera i 250 000 abitanti? Catania
85%
Qual è il segno zodiacale di una persona nata il 15 maggio? Toro
82%
Quante falangi ci sono in una mano? 14
79%
Qual è l'unico metallo liquido a temperatura ambiente? Mercurio
77%
Quanto fa 216 diviso 36? 6
74%
In quale stato europeo si trova il museo del Prado? Spagna
74%
Quale grande corsa ciclistica si svolse per la prima volta nel 1909? Giro d'Italia
67%
Quale pontefice ha preceduto Papa Francesco? Papa Benedetto XVI
67%
In quale romanzo si può trovare il personaggio dell'Azzecca-garbugli? I promessi sposi
61%
Quante sono le Muse greche, divinità protettrici delle arti? 9
60%
In quale regione italiana si trova il Parco nazionale del Gargano? Puglia
51%
Chi canta il brano "7000 caffè"? Alex Britti
23%
Da chi è stato assassinato, nel 1900, re Umberto I di Savoia? Gaetano Bresci
12%
Nessun quiz corrispondente trovato
Distribuzione punteggi
Percentuale di utenti per punteggio
Percentile per numero di risposta
I tuoi punteggi nel tempo
Non hai fatto questo quiz